Statistics for 50 largest cities in Bulgaria

Click here to take the quiz!

General Stats

  • This quiz has been taken 46 times
  • The average score is 28 of 50

Answer Stats

RankPopulaionAnswer% Correct
11,204,685Sofia
100%
4200,271Burgas
95%
2338,153Plovdiv
95%
3334,870Varna
89%
7106,954Pleven
84%
6138,272Stara Zagora
84%
5149,642Ruse
82%
1180,191Pernik
79%
2048,071Vidin
74%
1276,397Haskovo
71%
2443,781Montana
71%
1672,653Veliko Tarnovo
71%
1858,930Gabrovo
68%
2736,600Lovech
68%
2835,607Silistra
68%
991,030Dobrich
66%
2343,880Kardzhali
66%
1471,979Pazardzhik
66%
3133,880Razgrad
66%
1080,855Shumen
66%
1760,692Vratsa
66%
1570,881Blagoevgrad
63%
1374,132Yambol
63%
2244,532Kyustendil
61%
3330,642Smolyan
61%
2637,611Targovishte
61%
1950,846Asenovgrad
58%
4123,325Nova Zagora
53%
3429,836Petrich
53%
2538,785Dimitrovgrad
50%
2147,325Kazanlak
50%
3034,842Svishtov
50%
4420,444Botevgrad
45%
3823,836Lom
42%
2935,506Dupnitsa
39%
3923,797Karlovo
39%
4818,214Karnobat
39%
4918,005Svilengrad
39%
4320,930Aytos
32%
4519,721Gotse Delchev
32%
3526,959Sandanski
32%
4718,360Harmanli
29%
5017,675Panagyurishte
29%
3723,908Sevlievo
29%
4221,723Troyan
29%
4023,479Velingrad
29%
3232,079Gorna Oryahovitsa
26%
3626,061Samokov
26%
891,620Silven
16%
4619,288Peshtera
13%

Score Distribution

Percentile by Number Answered

Percent of People with Each Score

Your Score History

You have not taken this quiz